| 000 | 00346nam a2200145Ia 4500 | ||
|---|---|---|---|
| 008 | 230917s9999||||xx |||||||||||||| ||und|| | ||
| 040 |
_e139093 _aMAIN |
||
| 041 | _aEnglish | ||
| 082 | _a822.33 S15K | ||
| 100 | _aVerity, A.W. | ||
| 245 | 0 | _aKing lear | |
| 260 |
_aCambridge _bCambridge University Press _c1966 |
||
| 300 | _a261 p. | ||
| 942 | _cBK | ||
| 999 |
_c50020 _d50020 |
||